00601nam a2200205Ia 450000500170000000800410001704000190005804100120007708200160008910000190010524500690012426000240019330000100021744000180022765000180024585000100026394200070027399900170028095200980029720230328101834.0131103s9999 xx 000 0 und d aLoreto College aEnglish a822.91bUST aUstinov, Peter 4aThe love of four colonelsb a play in three acts cPeter Ustinov alondonbGuildc1951 a80p.  aguild library aEnglish drama aLCLIB cBK c22365d72844 00102ddc4070aMAINbMAINd2013-11-04l0o822.91 UST pB24741r2013-11-04w2013-11-04yBKf